000 00604nam a2200229Ia 4500
001 21185
003 GE_BSU
008 181216s||||||||xx |||||||||||||| ||und||
020 _a5947237598
040 _cGE_BSU
080 _a681.3(075.8)
100 _aЦилькер,Б.Я, С.А.Орлов.
245 _aОРГАНИЗАЦИЯ ЭВМ И СИСТЕМ
245 _bучебник для вузов
260 _aСПБ
260 _bПитер
260 _c2004
300 _a668стр,ил,23см.
541 _h25л.
653 _aОРГАНИЗАЦИЯ ЭВМ И СИСТЕМ
942 _cBK
999 _c54130
_d54130